000 00317nam a2200133Ia 4500
005 20251222143116.0
008 251222s9999||||xx |||||||||||||| ||spa||
020 _a958-653-035-3
082 _a658.401/A23
100 _aAdair, John
245 0 _aEl Reto Gerencial de la Innovación
264 _bLegis
942 _cLIB
999 _c11352
_d11352